La voz de las sin voz = The voice of the voiceless /
La voz de las sin voz son relatos de un grupo de mujeres y sus esposos que vivieron parte de un determinado periodo agrario histórico durante el siglo XX, la hacienda. El trabajo intenta reflejar la cotidianidad, reinterpretada desde el presente y como una reflexión de la memoria colectiva, en los f...
保存先:
| 第一著者: | |
|---|---|
| フォーマット: | テキスト |
| 言語: | Spanish |
| 主題: | |
| タグ: |
タグ追加
タグなし, このレコードへの初めてのタグを付けませんか!
|
MARC
| LEADER | 00000 a a2200000 04500 | ||
|---|---|---|---|
| 001 | 47991 | ||
| 003 | cru CIDCACS/IIS | ||
| 005 | 20220318062539.0 | ||
| 007 | ta | ||
| 008 | 181129b ||||| |||| 00| 0 spa d | ||
| 999 | |c 37800 |d 37800 | ||
| 040 | |c cru CIDCACS/IIS | ||
| 100 | |a Morales, Carlos | ||
| 245 | |a La voz de las sin voz = |b The voice of the voiceless / |c Carlos Morales | ||
| 520 | |a La voz de las sin voz son relatos de un grupo de mujeres y sus esposos que vivieron parte de un determinado periodo agrario histórico durante el siglo XX, la hacienda. El trabajo intenta reflejar la cotidianidad, reinterpretada desde el presente y como una reflexión de la memoria colectiva, en los feudos donde ellas crecieron poniendo en escena y revelando sus roles en yuxtaposición a las actividades de tradición masculina. | ||
| 650 | 0 | |9 113 |a PARTICIPACION DE LA MUJER | |
| 650 | 0 | |9 1413 |a CULTURA TRADICIONAL | |
| 650 | 0 | |9 398 |a TENENCIA DE LA TIERRA | |
| 650 | 0 | |9 2799 |a RELACIONES LABORALES | |
| 650 | 0 | |9 5366 |a MEMORIA | |
| 650 | 4 | |9 1971 |a ROL DE LA MUJER | |
| 650 | 0 | |9 4499 |a MEMORIAS | |
| 650 | 0 | |9 2486 |a MUJERES RURALES | |
| 650 | 0 | |a ROLES DE LOS GENEROS |9 5169 | |
| 773 | |g número5, (2014), páginas 67-90 : fotos | ||
| 942 | |2 ddc |c PP | ||
